| 000 | 00825nam a22002417a 4500 | ||
|---|---|---|---|
| 001 | 3534 | ||
| 003 | FISKH | ||
| 005 | 20240318091207.0 | ||
| 008 | 240318b cb ||||| |||| 00| 0 eng d | ||
| 040 |
_aFISK _beng _cFISK _dFISK |
||
| 050 | _aPZ7.H38586 | ||
| 082 | _a823.914 | ||
| 100 |
_aHendry Diana _d1941- |
||
| 245 |
_aRainbow watchers / _cDiana Hendry |
||
| 260 |
_aGreat Britain : _bJulia MacRae Books, _c1989 |
||
| 300 |
_a44 pages : _billustrations, _c21 cm |
||
| 505 | _aK | ||
| 520 | _aHaving just moved to the city from a country cottage, Hannah feels unsettled until she meets Eliza and Jenny and becomes a rainbow watcher for Mrs. Middlesome-Merry, a local artist who paints only flowers. | ||
| 521 | 8 |
_aestimates _bLexiles |
|
| 700 | _aDiana Hendry | ||
| 942 |
_2ddc _cBK _n0 |
||
| 999 |
_c3534 _d3534 |
||